000 00308nam a2200121Ia 4500
008 190216s9999||||xx |||||||||||||| ||und||
100 _aVailoppilli Sreedhara Menon
245 0 _aMakarkkoithu
260 _bSahithya Pravarthaka Sahakarana Sangam
_c1980
300 _a236p
650 _aKavithkal
942 _cBK
999 _c25890
_d25890